[Event "MMM"]
[Site "Galaxy Gesia 22a - Krakow"]
[Date "2022.06.16"]
[Round "1.1"]
[White "Lewtak, Damian"]
[Black "Stam, Hans"]
[Result "1-0"]
[BlackElo "2094"]
[WhiteElo "2388"]
[LiveChessVersion "1.4.8"]

1. d4 {[%clk 1:30:57]} Nf6 {[%clk 1:30:51]} 2. Bf4 {[%clk 1:31:22]} d6
{[%clk 1:30:20]} 3. e3 {[%clk 1:29:46]} g6 {[%clk 1:30:27]} 4. h3
{[%clk 1:26:15]} Bg7 {[%clk 1:30:19]} 5. Nf3 {[%clk 1:26:30]} O-O
{[%clk 1:28:24]} 6. Be2 {[%clk 1:26:52]} c5 {[%clk 1:25:47]} 7. c3
{[%clk 1:25:31]} Qb6 {[%clk 1:21:09]} 8. Qb3 {[%clk 1:22:46]} Be6
{[%clk 1:15:04]} 9. Qa3 {[%clk 1:14:49]} cxd4 {[%clk 1:08:45]} 10. exd4
{[%clk 1:14:58]} Nc6 {[%clk 1:07:40]} 11. Nbd2 {[%clk 1:12:12]} Rac8
{[%clk 1:04:36]} 12. O-O {[%clk 1:11:43]} Na5 {[%clk 1:01:14]} 13. Rfe1
{[%clk 1:10:10]} Rfe8 {[%clk 1:00:18]} 14. Rac1 {[%clk 1:06:47]} Nc4
{[%clk 0:49:45]} 15. Nxc4 {[%clk 1:03:06]} Bxc4 {[%clk 0:50:06]} 16. Bxc4
{[%clk 1:02:19]} Rxc4 {[%clk 0:50:29]} 17. b3 {[%clk 1:02:42]} Rcc8
{[%clk 0:50:45]} 18. c4 {[%clk 1:03:04]} a6 {[%clk 0:47:52]} 19. Rc2
{[%clk 0:51:36]} Nd7 {[%clk 0:41:43]} 20. Rce2 {[%clk 0:49:11]} Bxd4
{[%clk 0:37:41]} 21. Nxd4 {[%clk 0:48:53]} Qxd4 {[%clk 0:38:03]} 22. Bxd6
{[%clk 0:49:14]} e6 {[%clk 0:37:16]} 23. Bb4 {[%clk 0:48:57]} Qg7
{[%clk 0:34:33]} 24. Qc1 {[%clk 0:45:19]} Rc6 {[%clk 0:32:22]} 25. Bc3
{[%clk 0:42:53]} f6 {[%clk 0:32:04]} 26. Rd1 {[%clk 0:40:52]} Qf7
{[%clk 0:30:03]} 27. Qe3 {[%clk 0:33:47]} Nf8 {[%clk 0:28:18]} 28. Red2
{[%clk 0:33:11]} e5 {[%clk 0:26:56]} 29. Bb4 {[%clk 0:32:53]} Rce6
{[%clk 0:25:46]} 30. Qa7 {[%clk 0:31:28]} b5 {[%clk 0:24:01]} 31. Rd7
{[%clk 0:31:30]} 1-0

[Event "MMM"]
[Site "Galaxy Gesia 22a - Krakow"]
[Date "2022.06.16"]
[Round "1.3"]
[White "Kowalski, Igor"]
[Black "Kumor, Lukasz"]
[Result "1-0"]
[BlackElo "2079"]
[WhiteElo "2356"]
[LiveChessVersion "1.4.8"]

1. d4 {[%clk 1:30:59]} d5 {[%clk 1:30:35]} 2. c4 {[%clk 1:31:23]} c6
{[%clk 1:30:15]} 3. Nc3 {[%clk 1:31:48]} Nf6 {[%clk 1:30:35]} 4. e3
{[%clk 1:32:13]} g6 {[%clk 1:27:59]} 5. Nf3 {[%clk 1:32:35]} Bg7 {[%clk 1:28:19]}
6. Be2 {[%clk 1:33:00]} O-O {[%clk 1:27:54]} 7. O-O {[%clk 1:33:23]} a6
{[%clk 1:22:12]} 8. a4 {[%clk 1:32:21]} Nbd7 {[%clk 1:10:42]} 9. cxd5
{[%clk 1:25:36]} cxd5 {[%clk 1:10:25]} 10. Qb3 {[%clk 1:23:21]} e6
{[%clk 1:03:19]} 11. a5 {[%clk 1:20:02]} b5 {[%clk 0:40:34]} 12. axb6
{[%clk 1:20:12]} Qxb6 {[%clk 0:36:49]} 13. Qa3 {[%clk 1:10:48]} Bb7
{[%clk 0:35:17]} 14. Na4 {[%clk 1:10:54]} Qa7 {[%clk 0:34:28]} 15. Bd2
{[%clk 1:11:06]} Ne4 {[%clk 0:30:16]} 16. Ba5 {[%clk 1:10:52]} Rfc8
{[%clk 0:29:38]} 17. Rfc1 {[%clk 1:10:19]} Bc6 {[%clk 0:28:12]} 18. Bd3
{[%clk 1:06:12]} Bf8 {[%clk 0:19:20]} 19. b4 {[%clk 1:02:06]} Nd6
{[%clk 0:13:01]} 20. Nc5 {[%clk 1:00:20]} Bb5 {[%clk 0:12:35]} 21. Nd2
{[%clk 0:57:45]} Be7 {[%clk 0:09:08]} 22. g3 {[%clk 0:55:45]} Bf8
{[%clk 0:09:18]} 23. h4 {[%clk 0:55:05]} Nf6 {[%clk 0:08:19]} 24. Qb3
{[%clk 0:53:40]} Qb8 {[%clk 0:06:36]} 25. Kg2 {[%clk 0:52:40]} Ra7
{[%clk 0:06:16]} 26. Rc2 {[%clk 0:49:47]} Bxd3 {[%clk 0:05:37]} 27. Nxd3
{[%clk 0:46:35]} Rxc2 {[%clk 0:03:39]} 28. Qxc2 {[%clk 0:46:51]} Qb5
{[%clk 0:02:25]} 29. Rc1 {[%clk 0:46:10]} Ra8 {[%clk 0:02:27]} 30. Qb3
{[%clk 0:44:05]} Rc8 {[%clk 0:02:10]} 31. Rxc8 {[%clk 0:34:58]} Nxc8
{[%clk 0:02:39]} 32. Qc2 {[%clk 0:35:23]} Nd6 {[%clk 0:01:04]} 33. Nf3
{[%clk 0:32:30]} Qc4 {[%clk 0:01:01]} 34. Qe2 {[%clk 0:32:19]} Nde4
{[%clk 0:00:55]} 35. Nfe5 {[%clk 0:32:37]} Qb5 {[%clk 0:01:03]} 36. Qf3
{[%clk 0:31:52]} Be7 {[%clk 0:00:54]} 37. g4 {[%clk 0:31:06]} Qe8
{[%clk 0:00:47]} 38. Nc5 {[%clk 0:27:45]} Nxc5 {[%clk 0:00:39]} 39. bxc5
{[%clk 0:28:09]} Nd7 {[%clk 0:00:43]} 40. Qf4 {[%clk 0:21:40]} Nb8
{[%clk 0:00:39]} 41. g5 {[%clk 0:20:48]} Nc6 {[%clk 0:00:41]} 42. Nxc6
{[%clk 0:21:08]} Qxc6 {[%clk 0:01:10]} 43. Qb8+ {[%clk 0:20:42]} Kg7
{[%clk 0:01:03]} 44. Bc7 {[%clk 0:20:55]} f6 {[%clk 0:00:36]} 45. gxf6+
{[%clk 0:21:20]} Bxf6 {[%clk 0:00:44]} 46. Bd6 {[%clk 0:21:47]} g5
{[%clk 0:00:35]} 47. Qf8+ {[%clk 0:21:51]} Kg6 {[%clk 0:01:03]} 48. h5+
{[%clk 0:22:15]} Kxh5 {[%clk 0:00:34]} 49. Qf7+ {[%clk 0:22:37]} 1-0

[Event "MMM"]
[Site "Galaxy Gesia 22a - Krakow"]
[Date "2022.06.16"]
[Round "1.4"]
[White "Oranje, Richard"]
[Black "Lewicki, Miroslaw"]
[Result "0-1"]
[BlackElo "2340"]
[WhiteElo "2066"]
[LiveChessVersion "1.4.8"]

1. e4 {[%clk 1:30:57]} c5 {[%clk 1:30:52]} 2. Nf3 {[%clk 1:31:19]} d6
{[%clk 1:31:12]} 3. d4 {[%clk 1:31:44]} cxd4 {[%clk 1:31:37]} 4. Nxd4
{[%clk 1:32:10]} Nf6 {[%clk 1:31:53]} 5. Nc3 {[%clk 1:32:35]} a6 {[%clk 1:32:14]}
6. g3 {[%clk 1:32:29]} e5 {[%clk 1:31:56]} 7. Nde2 {[%clk 1:32:20]} Be7
{[%clk 1:31:57]} 8. Bg2 {[%clk 1:32:43]} O-O {[%clk 1:31:58]} 9. O-O
{[%clk 1:33:00]} Nbd7 {[%clk 1:32:01]} 10. a4 {[%clk 1:31:12]} Qc7
{[%clk 1:24:34]} 11. a5 {[%clk 1:20:58]} b5 {[%clk 1:24:39]} 12. axb6
{[%clk 1:21:09]} Nxb6 {[%clk 1:25:03]} 13. b3 {[%clk 1:13:34]} Bb7
{[%clk 1:24:40]} 14. Nd5 {[%clk 1:10:34]} Nfxd5 {[%clk 1:24:50]} 15. exd5
{[%clk 1:10:56]} f5 {[%clk 1:24:02]} 16. c4 {[%clk 1:11:01]} a5 {[%clk 1:23:17]}
17. Ba3 {[%clk 1:02:05]} Nd7 {[%clk 1:22:22]} 18. f4 {[%clk 0:57:59]} Bf6
{[%clk 1:20:15]} 19. Rc1 {[%clk 0:56:55]} e4 {[%clk 1:18:50]} 20. Kh1
{[%clk 0:54:43]} Nc5 {[%clk 1:18:58]} 21. Nd4 {[%clk 0:54:28]} Bxd4
{[%clk 1:19:21]} 22. Qxd4 {[%clk 0:54:40]} Nxb3 {[%clk 1:19:45]} 23. Qc3
{[%clk 0:53:53]} Nxc1 {[%clk 1:20:08]} 24. Rxc1 {[%clk 0:54:21]} Rac8
{[%clk 1:18:03]} 25. Qd4 {[%clk 0:53:19]} Rfe8 {[%clk 1:17:05]} 26. Bf1
{[%clk 0:27:43]} Qf7 {[%clk 1:15:47]} 27. Re1 {[%clk 0:22:33]} Qf6
{[%clk 1:09:27]} 28. Qxf6 {[%clk 0:21:23]} gxf6 {[%clk 1:09:53]} 29. Bxd6
{[%clk 0:21:49]} Ba6 {[%clk 1:10:19]} 30. c5 {[%clk 0:19:48]} Bxf1
{[%clk 1:10:44]} 31. Rxf1 {[%clk 0:20:15]} a4 {[%clk 1:09:42]} 32. Kg2
{[%clk 0:19:27]} e3 {[%clk 1:08:53]} 33. Ra1 {[%clk 0:16:03]} e2 {[%clk 1:09:07]}
0-1

[Event "MMM"]
[Site "Galaxy Gesia 22a - Krakow"]
[Date "2022.06.16"]
[Round "1.5"]
[White "Suder, Jakub"]
[Black "Praszak, Michal"]
[Result "1-0"]
[BlackElo "2062"]
[WhiteElo "2306"]
[LiveChessVersion "1.4.8"]

1. d4 {[%clk 1:30:56]} Nf6 {[%clk 1:30:52]} 2. c4 {[%clk 1:31:21]} c5
{[%clk 1:31:15]} 3. d5 {[%clk 1:31:46]} b5 {[%clk 1:31:39]} 4. Nf3
{[%clk 1:31:57]} d6 {[%clk 1:31:46]} 5. Qc2 {[%clk 1:32:17]} g6 {[%clk 1:32:07]}
6. e4 {[%clk 1:32:43]} Nbd7 {[%clk 1:31:19]} 7. cxb5 {[%clk 1:32:53]} a6
{[%clk 1:31:38]} 8. Nc3 {[%clk 1:33:13]} Bg7 {[%clk 1:31:46]} 9. a4
{[%clk 1:33:03]} Qa5 {[%clk 1:31:38]} 10. Bd2 {[%clk 1:31:50]} O-O
{[%clk 1:29:32]} 11. h3 {[%clk 1:31:04]} e6 {[%clk 1:29:31]} 12. dxe6
{[%clk 1:30:17]} fxe6 {[%clk 1:29:58]} 13. Bc4 {[%clk 1:29:42]} Re8
{[%clk 1:29:16]} 14. O-O {[%clk 1:26:08]} Bb7 {[%clk 1:27:35]} 15. Qd3
{[%clk 1:21:55]} Ne5 {[%clk 1:25:32]} 16. Nxe5 {[%clk 1:21:16]} dxe5
{[%clk 1:25:59]} 17. Rfd1 {[%clk 1:18:11]} Qd8 {[%clk 1:22:39]} 18. Qe2
{[%clk 1:16:39]} axb5 {[%clk 1:20:30]} 19. Bxb5 {[%clk 1:16:51]} Rf8
{[%clk 1:20:25]} 20. Qc4 {[%clk 1:16:03]} Qe7 {[%clk 1:20:48]} 21. Be3
{[%clk 1:15:04]} Rac8 {[%clk 1:21:17]} 22. a5 {[%clk 1:14:55]} Nh5
{[%clk 1:21:39]} 23. Rd7 {[%clk 1:15:05]} Qh4 {[%clk 1:19:44]} 24. Qxe6+
{[%clk 1:15:24]} Kh8 {[%clk 1:20:00]} 25. Rxb7 {[%clk 1:14:53]} Nf4
{[%clk 1:20:00]} 26. Qg4 {[%clk 1:14:38]} 1-0

[Event "MMM"]
[Site "Galaxy Gesia 22a - Krakow"]
[Date "2022.06.16"]
[Round "1.6"]
[White "Van De Lisdonk, Lucien"]
[Black "Chylewski, Patryk"]
[Result "0-1"]
[BlackElo "2302"]
[WhiteElo "2053"]
[LiveChessVersion "1.4.8"]

1. e4 {[%clk 1:30:58]} c5 {[%clk 1:30:55]} 2. b3 {[%clk 1:31:04]} e5
{[%clk 1:30:31]} 3. Bb2 {[%clk 1:31:28]} d6 {[%clk 1:30:50]} 4. Bc4
{[%clk 1:31:53]} Nf6 {[%clk 1:29:34]} 5. d3 {[%clk 1:31:56]} Be7 {[%clk 1:29:19]}
6. Ne2 {[%clk 1:32:16]} O-O {[%clk 1:29:42]} 7. O-O {[%clk 1:32:40]} Nc6
{[%clk 1:28:19]} 8. Nbc3 {[%clk 1:31:10]} a6 {[%clk 1:24:48]} 9. a4
{[%clk 1:31:31]} Rb8 {[%clk 1:23:30]} 10. Qd2 {[%clk 1:24:06]} Nd4
{[%clk 1:16:51]} 11. f4 {[%clk 1:16:37]} Bd7 {[%clk 1:11:07]} 12. fxe5
{[%clk 1:09:37]} dxe5 {[%clk 1:11:26]} 13. Nd5 {[%clk 1:09:54]} Nxd5
{[%clk 0:48:46]} 14. Bxd5 {[%clk 1:09:41]} Bg5 {[%clk 0:47:00]} 15. Qd1
{[%clk 1:06:50]} Bg4 {[%clk 0:44:21]} 16. Bxd4 {[%clk 1:07:03]} cxd4
{[%clk 0:42:21]} 17. h3 {[%clk 1:06:17]} Bh5 {[%clk 0:37:54]} 18. g4
{[%clk 1:03:30]} Bg6 {[%clk 0:37:17]} 19. c4 {[%clk 0:59:04]} dxc3
{[%clk 0:37:00]} 20. Nxc3 {[%clk 0:59:18]} Rc8 {[%clk 0:32:58]} 21. Ne2
{[%clk 0:56:09]} Rc5 {[%clk 0:32:35]} 22. b4 {[%clk 0:46:05]} Rxd5
{[%clk 0:31:22]} 23. exd5 {[%clk 0:46:30]} Qxd5 {[%clk 0:31:30]} 24. Ra3
{[%clk 0:46:53]} Rd8 {[%clk 0:31:13]} 25. d4 {[%clk 0:41:16]} exd4
{[%clk 0:28:54]} 26. Nf4 {[%clk 0:40:27]} Bxf4 {[%clk 0:28:48]} 27. Rxf4
{[%clk 0:40:53]} d3 {[%clk 0:29:10]} 0-1

[Event "MMM"]
[Site "Galaxy Gesia 22a - Krakow"]
[Date "2022.06.16"]
[Round "1.7"]
[White "Marszalek, Maciej"]
[Black "Krawczyk, Wojciech"]
[Result "1/2-1/2"]
[BlackElo "2036"]
[WhiteElo "2287"]
[LiveChessVersion "1.4.8"]

1. d4 {[%clk 1:30:55]} e6 {[%clk 1:30:48]} 2. Nf3 {[%clk 1:31:06]} Nf6
{[%clk 1:31:04]} 3. g3 {[%clk 1:31:23]} b6 {[%clk 1:31:14]} 4. Bg2
{[%clk 1:31:48]} Bb7 {[%clk 1:31:40]} 5. O-O {[%clk 1:32:12]} Be7
{[%clk 1:31:50]} 6. c4 {[%clk 1:32:28]} O-O {[%clk 1:31:04]} 7. Nc3
{[%clk 1:30:37]} d5 {[%clk 1:30:09]} 8. cxd5 {[%clk 1:30:55]} Nxd5
{[%clk 1:30:27]} 9. Qc2 {[%clk 1:29:59]} Nxc3 {[%clk 1:22:32]} 10. bxc3
{[%clk 1:29:39]} Nd7 {[%clk 1:20:00]} 11. Ng5 {[%clk 1:10:27]} Bxg5
{[%clk 1:20:20]} 12. Bxb7 {[%clk 1:10:54]} Rb8 {[%clk 1:20:31]} 13. Bxg5
{[%clk 0:58:27]} Qxg5 {[%clk 1:20:32]} 14. Bc6 {[%clk 0:58:50]} Nf6
{[%clk 1:15:07]} 15. Rab1 {[%clk 0:57:57]} a6 {[%clk 1:13:58]} 16. a4
{[%clk 0:56:19]} Rfd8 {[%clk 1:13:59]} 17. e3 {[%clk 0:48:17]} Qa5
{[%clk 1:12:07]} 18. Bf3 {[%clk 0:47:02]} c5 {[%clk 1:11:34]} 19. Rfc1
{[%clk 0:46:53]} g6 {[%clk 1:07:51]} 20. Be2 {[%clk 0:44:15]} Rdc8
{[%clk 1:05:54]} 21. Qb3 {[%clk 0:37:08]} Ne4 {[%clk 1:03:37]} 22. Qc2
{[%clk 0:37:05]} Nd6 {[%clk 1:02:58]} 23. dxc5 {[%clk 0:37:11]} Rxc5
{[%clk 0:58:24]} 24. Qd3 {[%clk 0:37:19]} Nc4 {[%clk 0:58:48]} 25. Qd4
{[%clk 0:32:53]} e5 {[%clk 0:47:59]} 26. Qd7 {[%clk 0:32:06]} Rbc8
{[%clk 0:46:47]} 27. Bg4 {[%clk 0:28:23]} R8c7 {[%clk 0:43:02]} 28. Qe8+
{[%clk 0:28:12]} Kg7 {[%clk 0:43:25]} 29. Rd1 {[%clk 0:27:56]} Rd5
{[%clk 0:41:48]} 30. Bf3 {[%clk 0:22:46]} Rd2 {[%clk 0:41:16]} 31. Rbc1
{[%clk 0:20:34]} Qc5 {[%clk 0:38:49]} 32. Rxd2 {[%clk 0:19:41]} Nxd2
{[%clk 0:39:05]} 33. Be2 {[%clk 0:18:46]} Ne4 {[%clk 0:39:14]} 34. Bxa6
{[%clk 0:17:58]} Nxc3 {[%clk 0:39:17]} 35. Rf1 {[%clk 0:18:22]} Re7 36. Qa8
{[%clk 0:18:08]} Qa5 {[%clk 0:33:44]} 37. Qd8 {[%clk 0:18:01]} Ra7
{[%clk 0:33:58]} 38. Bc4 {[%clk 0:17:16]} Qc5 {[%clk 0:30:22]} 39. Bb3
{[%clk 0:16:06]} Qc6 {[%clk 0:26:41]} 40. h4 {[%clk 0:14:55]} h5 {[%clk 0:25:44]}
41. Qb8 {[%clk 0:14:23]} Re7 {[%clk 0:24:47]} 42. Kh2 {[%clk 0:14:14]} Ne4
{[%clk 0:23:38]} 43. Bd1 {[%clk 0:10:32]} Qc4 {[%clk 0:21:56]} 44. Kg1
{[%clk 0:10:30]} Qc5 {[%clk 0:21:08]} 45. Qd8 {[%clk 0:10:06]} Qb4
{[%clk 0:19:58]} 46. Bc2 {[%clk 0:09:33]} Nc3 {[%clk 0:19:43]} 47. Qd2
{[%clk 0:08:36]} Qc4 {[%clk 0:19:31]} 48. Ra1 {[%clk 0:06:54]} Qc6
{[%clk 0:18:38]} 49. a5 {[%clk 0:06:01]} Rd7 {[%clk 0:18:04]} 50. Qe1
{[%clk 0:06:30]} bxa5 {[%clk 0:18:15]} 51. Rxa5 {[%clk 0:06:55]} Qc4
{[%clk 0:18:23]} 52. Kh2 {[%clk 0:06:29]} Na2 {[%clk 0:14:32]} 53. Ba4
{[%clk 0:05:30]} Re7 {[%clk 0:14:39]} 54. Bb5 {[%clk 0:05:39]} Qc3
{[%clk 0:14:20]} 55. Qxc3 {[%clk 0:05:47]} 1/2-1/2

[Event "MMM"]
[Site "Galaxy Gesia 22a - Krakow"]
[Date "2022.06.16"]
[Round "1.8"]
[White "Palosz, Andrzej"]
[Black "Torngren, Gustav"]
[Result "0-1"]
[BlackElo "2282"]
[WhiteElo "2034"]
[LiveChessVersion "1.4.8"]

1. e4 {[%clk 1:30:55]} e5 {[%clk 1:23:09]} 2. Nf3 {[%clk 1:31:14]} Nc6
{[%clk 1:21:39]} 3. Bb5 {[%clk 1:31:28]} a6 {[%clk 1:22:00]} 4. Ba4
{[%clk 1:31:53]} b5 {[%clk 1:22:11]} 5. Bb3 {[%clk 1:32:14]} Na5 {[%clk 1:22:38]}
6. Nxe5 {[%clk 1:26:34]} Nxb3 {[%clk 1:23:01]} 7. axb3 {[%clk 1:22:55]} Qg5
{[%clk 1:23:29]} 8. d4 {[%clk 1:19:37]} Qxg2 {[%clk 1:23:46]} 9. Qf3
{[%clk 1:19:54]} Qxf3 {[%clk 1:24:08]} 10. Nxf3 {[%clk 1:20:18]} Bb7
{[%clk 1:24:21]} 11. Nbd2 {[%clk 1:16:32]} g6 {[%clk 1:22:01]} 12. O-O
{[%clk 1:16:25]} Bg7 {[%clk 1:21:43]} 13. Re1 {[%clk 1:15:08]} Ne7
{[%clk 1:21:31]} 14. c3 O-O {[%clk 1:20:37]} 15. Ne5 {[%clk 1:05:54]} d6
{[%clk 1:06:53]} 16. Nd3 {[%clk 1:05:19]} Rae8 {[%clk 1:06:54]} 17. Nf1
{[%clk 1:03:50]} h6 {[%clk 1:02:01]} 18. Ng3 {[%clk 0:57:39]} Kh7
{[%clk 0:59:51]} 19. Bd2 {[%clk 0:56:52]} h5 {[%clk 0:58:27]} 20. h4
{[%clk 0:55:57]} Rd8 {[%clk 0:52:10]} 21. b4 {[%clk 0:53:25]} Rd7
{[%clk 0:49:33]} 22. e5 {[%clk 0:47:10]} f6 {[%clk 0:44:27]} 23. exd6
{[%clk 0:34:45]} cxd6 {[%clk 0:44:54]} 24. Nf4 {[%clk 0:33:38]} Ra8
{[%clk 0:43:35]} 25. Ne6 {[%clk 0:30:12]} Bh8 {[%clk 0:40:55]} 26. f4
{[%clk 0:28:27]} f5 {[%clk 0:40:05]} 27. Ng5+ {[%clk 0:27:24]} Kg8
{[%clk 0:40:24]} 28. Re6 {[%clk 0:27:03]} Bd5 {[%clk 0:40:36]} 29. Re3
{[%clk 0:26:33]} Bf6 {[%clk 0:40:55]} 30. Rae1 {[%clk 0:25:41]} Rf8
{[%clk 0:36:21]} 31. Ra1 {[%clk 0:24:17]} Bxg5 {[%clk 0:32:48]} 32. hxg5
{[%clk 0:24:33]} Ra8 {[%clk 0:32:38]} 33. Nf1 {[%clk 0:21:44]} Kf7
{[%clk 0:32:58]} 34. Ree1 {[%clk 0:21:20]} Bb7 {[%clk 0:29:42]} 35. Ne3
{[%clk 0:21:19]} Be4 {[%clk 0:27:25]} 36. b3 {[%clk 0:21:23]} d5 {[%clk 0:20:06]}
37. Ra2 {[%clk 0:18:34]} Nc6 {[%clk 0:20:20]} 38. Rea1 {[%clk 0:17:51]} Rda7
{[%clk 0:20:43]} 39. Kf2 {[%clk 0:18:02]} Ke6 {[%clk 0:20:57]} 40. Nf1
{[%clk 0:16:23]} Kd6 {[%clk 0:20:01]} 41. Be3 {[%clk 0:15:39]} Bd3
{[%clk 0:18:59]} 42. Nd2 {[%clk 0:15:59]} Be4 {[%clk 0:19:11]} 43. Kg3
{[%clk 0:15:05]} Kc7 {[%clk 0:18:09]} 44. Nxe4 {[%clk 0:14:35]} fxe4
{[%clk 0:18:24]} 45. f5 {[%clk 0:14:39]} gxf5 {[%clk 0:18:00]} 46. Kf4
{[%clk 0:14:55]} Kd6 {[%clk 0:17:58]} 47. Kxf5 {[%clk 0:14:52]} Rg7
{[%clk 0:11:00]} 48. Bf4+ {[%clk 0:14:24]} Kd7 {[%clk 0:10:41]} 49. Be5
{[%clk 0:14:00]} Nxe5 {[%clk 0:10:49]} 50. Kxe5 {[%clk 0:14:21]} Rf8
{[%clk 0:11:06]} 51. Rg2 {[%clk 0:13:13]} Re7+ {[%clk 0:11:26]} 52. Rga2 Rg7 53.
Kxd5 0-1

[Event "MMM"]
[Site "Galaxy Gesia 22a - Krakow"]
[Date "2022.06.16"]
[Round "1.9"]
[White "Kyc, Jerzy"]
[Black "Kulesza, Andrzej"]
[Result "1-0"]
[BlackElo "2024"]
[WhiteElo "2213"]
[LiveChessVersion "1.4.8"]

1. e4 {[%clk 1:30:58]} c5 {[%clk 1:30:21]} 2. Nf3 {[%clk 1:31:24]} d6
{[%clk 1:29:41]} 3. d4 {[%clk 1:31:52]} cxd4 {[%clk 1:29:02]} 4. Nxd4
{[%clk 1:32:20]} Nf6 {[%clk 1:28:10]} 5. Nc3 {[%clk 1:32:47]} a6 {[%clk 1:27:20]}
6. Bg5 {[%clk 1:33:02]} Nbd7 {[%clk 1:24:10]} 7. f4 {[%clk 1:31:57]} Qc7
{[%clk 1:21:40]} 8. Qf3 {[%clk 1:32:21]} b5 {[%clk 1:16:38]} 9. O-O-O
{[%clk 1:30:19]} Bb7 {[%clk 1:14:14]} 10. Bd3 {[%clk 1:27:29]} Rc8
{[%clk 1:09:05]} 11. Kb1 {[%clk 1:24:22]} e6 {[%clk 1:00:57]} 12. g4
{[%clk 1:20:55]} Be7 {[%clk 0:54:48]} 13. Bxf6 {[%clk 1:20:26]} Nxf6
{[%clk 0:52:06]} 14. g5 {[%clk 1:20:13]} Nd7 {[%clk 0:51:53]} 15. h4
{[%clk 1:18:09]} Qb6 {[%clk 0:48:51]} 16. Nce2 {[%clk 1:16:28]} d5
{[%clk 0:38:27]} 17. e5 {[%clk 1:09:42]} g6 {[%clk 0:35:01]} 18. h5
{[%clk 1:10:02]} Rf8 {[%clk 0:35:06]} 19. hxg6 {[%clk 1:10:01]} hxg6
{[%clk 0:35:22]} 20. Rh7 {[%clk 1:09:34]} Rc7 {[%clk 0:29:48]} 21. Qh3
{[%clk 0:54:46]} Nc5 {[%clk 0:23:18]} 22. Rxf7 {[%clk 0:53:25]} Rxf7
{[%clk 0:20:17]} 23. Bxg6 {[%clk 0:53:53]} Bf8 {[%clk 0:19:21]} 24. f5
{[%clk 0:48:54]} Bc8 {[%clk 0:09:57]} 25. f6 {[%clk 0:46:41]} Ne4
{[%clk 0:01:05]} 26. Bxf7+ {[%clk 0:46:38]} Rxf7 {[%clk 0:01:18]} 27. g6
{[%clk 0:46:53]} Rc7 {[%clk 0:00:40]} 28. g7 {[%clk 0:46:06]} Rxg7 1-0

[Event "MMM"]
[Site "Galaxy Gesia 22a - Krakow"]
[Date "2022.06.16"]
[Round "1.10"]
[White "Thiercelin, Jerome"]
[Black "Chmiel, Marcin"]
[Result "1/2-1/2"]
[BlackElo "2207"]
[WhiteElo "2016"]
[LiveChessVersion "1.4.8"]

1. d4 {[%clk 1:30:56]} d5 {[%clk 1:30:28]} 2. c4 {[%clk 1:31:18]} c6
{[%clk 1:30:52]} 3. cxd5 {[%clk 1:30:41]} cxd5 {[%clk 1:31:14]} 4. Nf3
{[%clk 1:30:10]} Nc6 {[%clk 1:31:36]} 5. Nc3 {[%clk 1:30:34]} Nf6
{[%clk 1:31:56]} 6. Bf4 {[%clk 1:30:53]} a6 {[%clk 1:31:48]} 7. Rc1
{[%clk 1:31:09]} Bf5 {[%clk 1:31:48]} 8. e3 {[%clk 1:31:15]} Rc8 {[%clk 1:32:02]}
9. Be2 {[%clk 1:27:25]} e6 {[%clk 1:32:16]} 10. O-O {[%clk 1:26:32]} Bd6
{[%clk 1:32:37]} 11. Ne5 {[%clk 1:23:31]} Bxe5 {[%clk 1:24:32]} 12. Bxe5
{[%clk 1:23:37]} Nxe5 {[%clk 1:24:16]} 13. dxe5 {[%clk 1:23:54]} Nd7
{[%clk 1:24:16]} 14. Qd4 {[%clk 1:22:22]} O-O {[%clk 1:23:09]} 15. b4
{[%clk 1:01:49]} Qe7 {[%clk 1:08:13]} 16. Na4 {[%clk 0:44:09]} Rc2
{[%clk 0:57:12]} 17. Rxc2 {[%clk 0:39:54]} Bxc2 {[%clk 0:57:39]} 18. Nb6
{[%clk 0:34:10]} Nb8 {[%clk 0:52:52]} 19. Qc3 {[%clk 0:28:15]} Qd8
{[%clk 0:44:27]} 20. Qc5 {[%clk 0:18:21]} Bg6 {[%clk 0:43:31]} 21. b5
{[%clk 0:14:46]} axb5 {[%clk 0:40:42]} 22. Bxb5 {[%clk 0:15:09]} f6
{[%clk 0:34:15]} 23. exf6 {[%clk 0:12:28]} Qxf6 {[%clk 0:34:28]} 24. Nc8
{[%clk 0:12:03]} Nc6 {[%clk 0:30:22]} 25. Nb6 {[%clk 0:11:27]} Be8
{[%clk 0:23:15]} 26. Qd6 {[%clk 0:09:18]} h6 {[%clk 0:17:15]} 27. a4
{[%clk 0:06:15]} Qe5 {[%clk 0:08:50]} 28. Qxe5 {[%clk 0:05:29]} Nxe5
{[%clk 0:09:18]} 29. Bxe8 {[%clk 0:05:52]} Rxe8 {[%clk 0:09:46]} 30. Rc1
{[%clk 0:05:49]} Nc6 {[%clk 0:08:09]} 31. Kf1 {[%clk 0:04:39]} Rd8
{[%clk 0:07:28]} 32. Ke2 {[%clk 0:04:21]} Kf7 {[%clk 0:07:21]} 33. a5
{[%clk 0:03:07]} Nxa5 {[%clk 0:05:21]} 34. Rc7+ {[%clk 0:03:31]} Kf6
{[%clk 0:03:43]} 35. Kd3 {[%clk 0:03:40]} Nc4 {[%clk 0:00:49]} 36. Rxb7
{[%clk 0:02:44]} e5 {[%clk 0:00:39]} 37. Nd7+ {[%clk 0:01:07]} Ke6
{[%clk 0:00:38]} 38. Nc5+ {[%clk 0:01:33]} Kf6 {[%clk 0:00:37]} 39. e4
{[%clk 0:00:58]} Nd6 {[%clk 0:00:34]} 40. Rb6 {[%clk 0:00:50]} dxe4+
{[%clk 0:00:36]} 41. Nxe4+ {[%clk 0:01:13]} Ke7 {[%clk 0:00:45]} 42. Nxd6 1/2-1/2

[Event "MMM"]
[Site "Galaxy Gesia 22a - Krakow"]
[Date "2022.06.16"]
[Round "1.11"]
[White "Trybus, Daniel"]
[Black "Meers, Hubert"]
[Result "1-0"]
[BlackElo "2015"]
[WhiteElo "2199"]
[LiveChessVersion "1.4.8"]

1. e4 {[%clk 1:30:57]} c6 {[%clk 1:30:58]} 2. d4 {[%clk 1:31:25]} d5
{[%clk 1:31:25]} 3. Nc3 {[%clk 1:31:52]} dxe4 {[%clk 1:31:51]} 4. Nxe4
{[%clk 1:32:19]} Bf5 {[%clk 1:32:17]} 5. Ng3 {[%clk 1:32:46]} Bg6
{[%clk 1:32:44]} 6. Nh3 {[%clk 1:33:13]} Nf6 {[%clk 1:33:01]} 7. c3
{[%clk 1:33:36]} e6 {[%clk 1:30:09]} 8. Nf4 {[%clk 1:31:37]} Bd6 {[%clk 1:28:27]}
9. h4 {[%clk 1:28:33]} Qc7 {[%clk 1:14:45]} 10. Qf3 {[%clk 1:26:44]} O-O
{[%clk 1:10:47]} 11. h5 {[%clk 1:26:01]} Bf5 {[%clk 1:11:13]} 12. Nxf5
{[%clk 1:24:30]} exf5 {[%clk 1:11:39]} 13. Bd3 {[%clk 1:23:11]} c5
{[%clk 1:07:21]} 14. dxc5 {[%clk 1:17:10]} Bxc5 {[%clk 1:07:27]} 15. Ne2
{[%clk 1:16:10]} Nc6 {[%clk 1:03:46]} 16. Qxf5 {[%clk 1:06:39]} Ne5
{[%clk 1:03:26]} 17. Bf4 {[%clk 0:53:38]} Nxd3+ {[%clk 1:03:02]} 18. Qxd3
{[%clk 0:54:07]} Qb6 {[%clk 1:03:23]} 19. Qf3 {[%clk 0:53:50]} Rfe8
{[%clk 0:31:50]} 20. b4 {[%clk 0:52:50]} Bd6 {[%clk 0:14:21]} 21. Be3
{[%clk 0:52:41]} Qb5 {[%clk 0:14:10]} 22. h6 {[%clk 0:51:46]} Nd5
{[%clk 0:11:53]} 23. Rh5 {[%clk 0:49:26]} Re5 {[%clk 0:11:26]} 24. Qg3
{[%clk 0:48:44]} g5 {[%clk 0:10:23]} 25. Rxg5+ {[%clk 0:47:54]} Rxg5
{[%clk 0:10:50]} 26. Qxg5+ {[%clk 0:48:03]} Kf8 {[%clk 0:11:17]} 27. Rd1
{[%clk 0:43:35]} Nxc3 {[%clk 0:11:42]} 28. Nxc3 {[%clk 0:42:47]} Qxg5
{[%clk 0:12:07]} 29. Bxg5 {[%clk 0:43:08]} Bxb4 {[%clk 0:12:35]} 30. Bd2
{[%clk 0:43:29]} Re8+ {[%clk 0:12:54]} 31. Ne2 {[%clk 0:43:21]} Bxd2+ 32. Rxd2
{[%clk 0:43:50]} Re6 {[%clk 0:13:48]} 33. Rd7 {[%clk 0:43:54]} Rxh6
{[%clk 0:13:29]} 34. Rxb7 {[%clk 0:44:18]} Ra6 {[%clk 0:13:53]} 35. Nc3
{[%clk 0:44:32]} Kg7 {[%clk 0:14:08]} 36. Kd2 {[%clk 0:44:51]} Rd6+
{[%clk 0:14:35]} 37. Ke3 {[%clk 0:44:53]} a6 {[%clk 0:15:01]} 38. Ne4
{[%clk 0:44:45]} Rc6 {[%clk 0:15:22]} 39. Ra7 {[%clk 0:44:38]} Kg6
{[%clk 0:15:40]} 40. Kd4 {[%clk 0:44:27]} Rb6 {[%clk 0:16:05]} 41. Nc5
{[%clk 0:44:24]} Rb2 {[%clk 0:16:27]} 42. Rxa6+ {[%clk 0:44:47]} Kg7
{[%clk 0:16:50]} 43. Nd3 {[%clk 0:45:14]} 1-0